| 000 | 00432nam a2200181Ia 4500 | ||
|---|---|---|---|
| 001 | 15871 | ||
| 005 | 20260306170228.0 | ||
| 008 | 260306t1978||||xx |||||||||||||| ||und|| | ||
| 041 | _aESP | ||
| 082 |
_a620.112 _bM64 |
||
| 100 |
_aMiroliubov, I. _eAUT |
||
| 245 | 0 | _aProblemas de resistencia de materiales | |
| 260 | _c1978 | ||
| 300 |
_a468 páginas : _c19 cm. |
||
| 650 | _aGEN | ||
| 654 | _aCII | ||
| 942 |
_cLIB _dJUS _fJUS _2ddc _n |
||
| 999 |
_c15871 _d15871 |
||